000 00499nam a2200193 a 4500
001 1761222013403
003 ACL
005 20251023175237.0
008 251023s2005##################000#0#eng##
020 _a9781591403036
082 0 4 _a658.72
_bCHA
100 1 _aChan, Chi-Kin,
_eauthor.
245 1 0 _aSuccessful Strategies in Supply Chain Management :
260 _bIGI Global,
_c2005.
300 _a274 pages
650 0 _aBusiness & Economics.
942 _cENGLISH
040 _aACL
_beng
_cACL
999 _c593171
_d593171